000 00699nam a2200289Ia 4500
005 20260324123408.0
008 008 260324s9999 xx 000 0 eng d
020 _a9780203122198
037 _aEBOOK
040 _aCRL
040 _beng
040 _cCRL
041 _2eng
041 _aeng
084 _qCRL
100 _aAnneke Smit
_91170138
245 4 _aThe Property Rights of Refugees and Internally Displaced Persons
245 0 _bBeyond Restitution
260 _bTaylor and Francis
260 _c2012
365 _a
365 _b240
856 _uhttp://www.taylorfrancis.com/books/9780203122198
942 _cEBOOK
999 _c1763641
_d1763641